00374nam a2200181Ia 4500003000900000008004100009040001300050040001300063041000800076100001700084245001700101250001000118260001500128260000900143300000800152490002600160490000600186IT-RoPAU120407s9999 xx 000 0 und d aIT-RoPAU cIT-RoPAU aita aTertullianus aApologetico. aSiena aCantagalli c1928 c cm aClassici cristiani, 1 v1